01466nam a2200337 a 4500001001200000003000800012006001900020007001500039008004100054040002100095035002100116043001200137050002600149100002200175245013400197260007600331300001800407490003300425500002000458504005200478533015200530650006000682650006200742650005200804655002900856710004900885710001700934830003400951856012600985999001701111ebr10302966CaPaEBRm u cr cn|||||||||090810s2008 dcua sb 000 0 eng d aCaPaEBRcCaPaEBR a(OCoLC)560672904 au-at---14aHC610.I52bT74 2008eb1 aTressel, Thierry.10aDoes technological diffusion explain Australia's productivity performance?h[electronic resource] /cprepared by Thierry Tressel. aWashington, D.C. :bInternational Monetary Fund, Research Dept.,c2008. a42 p. :bill.1 aIMF working paper ;vWP/08/4 a"January 2008." aIncludes bibliographical references (p. 24-27). aElectronic reproduction.bPalo Alto, Calif. :cebrary,d2013.nAvailable via World Wide Web.nAccess may be limited to ebrary affiliated libraries. 0aIndustrial productivityzAustraliaxEconometric models. 0aTechnological innovationszAustraliaxEconometric models. 0aManpower policyzAustraliaxEconometric models. 7aElectronic books.2local2 aInternational Monetary Fund.bResearch Dept.2 aebrary, Inc. 0aIMF working paper ;vWP/08/4.40uhttp://site.ebrary.com/lib/rucke/Doc?id=10302966zAn electronic book accessible through the World Wide Web; click to view c68731d68731